03102cam a22003615a 45000010009000000050017000090080041000260100017000670200027000840200030001110400028001410420008001690820020001771000018001972450077002152600051002923000027003434900019003705000024003895000027004135040031004405050773004715201035012446500034022796500039023136500034023526510010023866530021023969420024024179990017024419520141024589520141025991796683620160724110328.0131209s2014 nyu frbd 001 0 eng d a 2013048953 a1107698340 (paperback) a9781107698345 (paperback) aDLCbengcDLCdEG-ScBUE apcc00a347.06bHAA2221 aHaack, Susan,10aEvidence matters :bscience, proof, and truth in the law /cSusan Haack. aNew York :bCambridge University Press,c2014. axxvi, 416 p. ;c24 cm.0 aLaw in context aIndex : p. 391-416. aGlossary : p. 381-390. aBibliography : p. 349-379.8 aEpistemology and the law of evidence: problems and projects -- Epistemology legalized: or, truth, justice, and the American way -- Legal probabilism: an epistemological dissent -- Irreconcilable differences? The troubled marriage of science and law -- Trial and error: two confusions in Daubert -- Federal philosophy of science: a deconstruction-and a reconstruction -- Peer review and publication: lessons for lawyers -- What's wrong with litigation-driven science? -- Proving causation: the weight of combined evidence -- Correlation and causation: the 'Bradford Hill Criteria' in epidemiological, legal, and epistemological perspective -- Risky business: statistical proof of specific causation -- Nothing fancy: some simple truths about truth in the law. a"Is truth in the law just plain truth - or something sui generis? Is a trial a search for truth? Do adversarial procedures and exclusionary rules of evidence enable, or impede, the accurate determination of factual issues? Can degrees of proof be identified with mathematical probabilities? What role can statistical evidence properly play? How can courts best handle the scientific testimony on which cases sometimes turn? How are they to distinguish reliable scientific testimony from unreliable hokum? The dozen interdisciplinary essays collected here explore a whole nexus of such questions about science, proof, and truth in the law. With her characteristic clarity and verve, in these essays Haack brings her original and distinctive work in theory of knowledge and philosophy of science to bear on real-life legal issues. She includes detailed analyses of a wide variety of cases and lucid summaries of relevant scientific work, of the many roles of the scientific peer-review system, and of relevant legal developments"-- 7aEvidence (Law).2BUEsh940410 7aAdmissible evidence.2BUEsh940409 7aScience and law2BUEsh940408 2BUEsh bLLAAWWcJuly2016 2ddce22k347.06 HAA c22010d21982 00102ddc40708BaccahaMAINbMAINc1STd2016-07-21ePurchaseg675.00h26080l0o347.06 HAAp000032924r2025-07-15 00:00:00v843.75yBB 00102ddc40708BaccahaMAINbMAINc1STd2016-07-21ePurchaseg675.00h26080l0o347.06 HAAp000032923r2025-07-15 00:00:00v843.75yBB